000 00453nam a2200181Ia 4500
001 22371
005 20260414150827.0
008 260414t2010||||xx |||||||||||||| ||spa||
041 _aESP
082 _a621.38
_bC247G
100 _aWallace, Kevin
_eAUT
245 0 _aCCNP TSHOOT 642-832 :
_bofficial certification guide
260 _c2010
300 _axxvii, 508 páginas :
_c24 cm.
650 _aTCA
654 _aCET
942 _cLIB
_dJUS
_fJUS
_2ddc
_n
999 _c22371
_d22371